| 000 | 00855cam a2200313 i 4500 | ||
|---|---|---|---|
| 001 | 0000575 | ||
| 003 | DO-SdBNP | ||
| 005 | 20180122112231.0 | ||
| 007 | 0000575 | ||
| 008 | 100514s 1983 sp a | |||| 000 f spa | ||
| 015 | _a | ||
| 017 |
_a _b |
||
| 020 | _a8471891786 | ||
| 035 | _a | ||
| 040 |
_aBPMSU _bspa _cBPMSU _e |
||
| 080 | _a | ||
| 100 | 1 |
_aVerne, Julio _d1828-1905 |
|
| 240 | 1 | 0 |
_aDe la terre a la lune _lfre. |
| 245 | 1 | 0 |
_aDe la tierra a la luna / _h _cJulio Verne ; Traducción Javier Alcázar |
| 260 |
_aMadrid : _bAlfredo Ortells, _c1983. |
||
| 300 |
_a187 p.: _bil. _c25 m |
||
| 490 | 1 | _aClásicos de la juventud | |
| 500 | _aLibro de pasta dura. | ||
| 700 | 1 | 2 |
_aAlcázar, Javier _etrad. |
| 830 | 0 | _aClásicos de la juventud | |
| 942 |
_2ddc _cBK |
||
| 945 | _ainventariado, 2018 / dg | ||
| 956 |
_aYLOCKWARD _810 _cBPMSU |
||
| 999 |
_c11041 _d11041 |
||